| 000 | 01145cad a22002775a 4500 | ||
|---|---|---|---|
| 001 | E153464 | ||
| 008 | 110801s2010 xxk f 000 0 eng d | ||
| 020 | 1 | _a9781842195956 | |
| 035 | _a(Sirsi) u153464 | ||
| 041 | 0 | _aeng | |
| 100 | 1 | _aMcAllister, Patrick | |
| 245 | 0 | 0 |
_aEstablishing a data framework for the investigation of the price effects of eco-labelling commercial property assets _h[electronic resource] |
| 260 |
_aLondon _bRICS _c2010 |
||
| 490 | 0 | _aRICS Findings in Built and Rural Environments | |
| 520 | _aLooks at the data available to researchers who want to assess the economic effects of energy consumption and environmental performance on the financial performance of commercial real estate assets. | ||
| 521 | _aAdvanced | ||
| 590 | _aKA | ||
| 651 | 4 |
_aUnited Kingdom _y |
|
| 690 | _aPROPERTY-COMMERCIAL PROPERTY | ||
| 690 | _aENVIRONMENTAL AND LAND CONSULTANCY-ENERGY | ||
| 700 | 1 | _aFuerst, Franz | |
| 700 | 1 | _aWyatt, Peter | |
| 700 | 1 | _aWetering, Jorn van de | |
| 856 | 4 | 0 |
_uhttps://www.rics.org/Global/Downloads/Full_report_-_a_data_framework_for_EPC_analysis.pdf _zBroken link - not available |
| 942 | _n0 | ||
| 999 |
_c112529 _d112529 |
||